000 00419nam a22001337a 4500
999 _c130236
_d130236
008 200131b ||||| |||| 00| 0 eng d
050 _aB2430.M38
_bM564
245 _aMerleau-Ponty
_bkey concepts
_cEdited by Rosalyn Diprose and Jack Reynolds
260 _aLondon
_bRoutledge
_c2008
300 _axiv, 255p. ;
_c22cm.
440 _aKey concepts
_95609
600 _aMerleau-Ponty, Maurice
_930941
942 _2lcc
_cMONOGRAPH